01295nam a2200313Ia 4500001001200000003000800012006001900020007001500039008004100054010001700095020002800112040002100140035002100161050002400182082002400206245011300230260004300343300001500386490003900401500007000440504005100510533015200561650005300713650002100766655002900787700002200816710001700838856012600855ebr10167461CaPaEBRm u cr cn|||||||||060315s2006 nyu sb 101 0 eng d z 2006040893 z1403970998 (alk. paper) aCaPaEBRcCaPaEBR a(OCoLC)56799760314aHQ1638b.W67 2006eb04a305.40945/0904522200aWomen in Italy, 1946-1960h[electronic resource] :ban interdisciplinary study /cedited by Penelope Morris. aNew York :bPalgrave Macmillan,c2006. aix, 246 p.0 aItalian & Italian American studies aBased on papers delivered at a conference in Glasgow, Sept. 2002. aIncludes bibliographical references and index. aElectronic reproduction.bPalo Alto, Calif. :cebrary,d2009.nAvailable via World Wide Web.nAccess may be limited to ebrary affiliated libraries. 0aWomenzItalyxHistoryy20th centuryvCongresses. 0aFeminismzItaly. 7aElectronic books.2local1 aMorris, Penelope.2 aebrary, Inc.40uhttp://site.ebrary.com/lib/rucke/Doc?id=10167461zAn electronic book accessible through the World Wide Web; click to view